| 000 | 00469nam a2200181Ia 4500 | ||
|---|---|---|---|
| 005 | 20250923144502.0 | ||
| 008 | 008 250917s9999 xx 000 0 eng d | ||
| 037 | _aTextual | ||
| 040 |
_aDSWL _beng _cDSWL |
||
| 041 |
_aeng _2eng |
||
| 084 | _qDSWL | ||
| 100 |
_aDesh, Pesrich _9825384 |
||
| 245 | 0 |
_aFamily Planning _cby Pesrich Desh |
|
| 260 |
_aDelhi _bLajpat Nagar _c1954 |
||
| 300 | _aii,79p. | ||
| 942 | _cTEXL | ||
| 999 |
_c1439492 _d1439492 |
||